Prima Lettera delle Città Argentine - Statistics

Statistiche generali
  • Questo quiz è stato fatto 62 volte
  • Il punteggio medio è 15 su 23
Statistiche sulle risposte
Hint Risposta % Corretto
_uenos Aires B
96%
_órdoba C
96%
_osé C. Paz J
96%
_osario R
96%
_an Miguel de Tucumán S
96%
_a Plata L
94%
_zul A
92%
_ar del Plata M
88%
_ormosa F
82%
_on Torcuato D
80%
_shuaia U
78%
_illa Mercedes V
76%
_árate Z
67%
_osadas P
65%
_uaymallén G
53%
_uilmes Q
53%
_sidro Casanova I
51%
_erba Buena Y
51%
_emperley T
43%
_zeiza E
37%
_euquén N
22%
_lavarría O
22%
_ilde W
16%
Nessun quiz corrispondente trovato
Distribuzione punteggi
Percentuale di utenti per punteggio
Percentile per numero di risposta
I tuoi punteggi nel tempo
Non hai fatto questo quiz